Okakura : (Record no. 169695)

MARC details
000 -LEADER
fixed length control field 00569nam a22001817a 4500
005 - DATE AND TIME OF LATEST TRANSACTION
control field 20191204120421.0
010 ## - LCCN (DPL NO)
LC control number ENG-127028
020 ## - INTERNATIONAL STANDARD BOOK NUMBER
Terms of availability 200.00
International Standard Book Number 9789381858059
035 ## - SYSTEM CONTROL NUMBER
System control number EN-110560
037 ## - SOURCE OF ACQUISITION
Source of stock number/acquisition DBAD/PUB
082 ## - DEWEY DECIMAL CLASSIFICATION NUMBER
Classification number 709.52
100 ## - MAIN ENTRY--PERSONAL NAME
Personal name Kowshik, Dinkar
245 ## - TITLE STATEMENT
Title Okakura :
Statement of responsibility, etc by Raghu Korrapati [and] Balaji Kannan
Remainder of title the rising sun of Japanese renaissance /
260 ## - PUBLICATION, DISTRIBUTION, ETC. (IMPRINT)
Place of publication, distribution, etc Kolkata
Name of publisher, distributor, etc Patralekha
Date of publication, distribution, etc 2011
270 ## - ADDRESS
Address Gunen Sil, 10B College Row
City Kolkata 9, W.B.
Telephone number 9831110963
300 ## - PHYSICAL DESCRIPTION
Extent 126p.
Dimensions 21cm(Hb)
942 ## - ADDED ENTRY ELEMENTS (KOHA)
Source of classification or shelving scheme Dewey Decimal Classification
Item type English Books
Classification part 709.52
Call number suffix KOW
Holdings
Withdrawn status Lost status Not for loan Collection code Home library Current library Date acquired Source of acquisition Cost, normal purchase price Full call number Barcode Copy number Cost, replacement price Koha item type
    Not For Loan Non-fiction D.B.Act.Division Mobile Library 29/11/2019 DBAD/PUB 200.00 709.52 KOW EN-110560 1 0.00 English Books

© Delhi Public Library
Hit Counter
free hit counter